[Event "Amplico ch-EUR Rapid"]
[Site "Warsaw POL"]
[Date "2012.12.15"]
[Round "4.20"]
[White "Andriasian, Zaven"]
[Black "Czerwonski, Aleksander"]
[Result "0-1"]
[WhiteTitle "GM"]
[BlackTitle "IM"]
[WhiteElo "2605"]
[BlackElo "2377"]
[WhiteFideId "13302000"]
[BlackFideId "1100459"]
[EventDate "2012.12.15"]

1. e4 e5 2. Nf3 Nc6 3. Bc4 Nf6 4. d3 Bc5 5. c3 d6 6. O-O a6 7. Nbd2 Ba7 8. Bb3
O-O 9. h3 h6 10. Re1 Nh5 11. Nf1 Qf6 12. Ne3 Ne7 13. Ng4 Bxg4 14. hxg4 Nf4 15.
d4 Neg6 16. g3 Ne6 17. Be3 exd4 18. cxd4 c5 19. d5 Ng5 20. Nxg5 hxg5 21. Kg2 b5
22. Qd2 Ne5 23. Qe2 c4 24. Bxa7 Rxa7 25. Bc2 Ng6 26. Rab1 Re8 27. Rh1 Qd4 28.
Rh5 Qxd5 29. Qe3 Qc5 30. Qxg5 Qxg5 31. Rxg5 Ne5 32. f4 f6 33. Rh5 Nxg4 34. Kf3
g6 35. Rd5 f5 36. Rxd6 Kg7 37. Rh1 Nf6 38. e5 Ng4 39. Bd1 Ree7 40. Be2 Red7 41.
Rhd1 Rxd6 42. Rxd6 Nh6 43. Ke3 Nf7 44. Rb6 Nd8 45. Bf3 Rd7 46. Rxa6 Rd3+ 47. Ke2
Kf7 48. Kf2 Rd2+ 49. Ke1 Rxb2 50. Bd5+ Ke7 51. Ra7+ Ke8 52. e6 c3 53. e7 Rb1+
54. Kf2 c2 55. Rc7 c1=Q 56. exd8=Q+ Kxd8 57. Rxc1 Rxc1 58. Bf7 Rc6 59. Kg2 Ke7
60. Bb3 b4 61. Kh3 Rc7 62. g4 Rc3+ 63. Kh4 Kf6 64. Bd5 Rd3 65. Bc6 Rd2 0-1

[Event "Amplico ch-EUR Rapid"]
[Site "Warsaw POL"]
[Date "2012.12.15"]
[Round "4.21"]
[White "Meskovs, Nikita"]
[Black "Jussupow, Artur"]
[Result "1/2-1/2"]
[WhiteTitle "FM"]
[BlackTitle "GM"]
[WhiteElo "2314"]
[BlackElo "2611"]
[WhiteFideId "11602740"]
[BlackFideId "4618777"]
[EventDate "2012.12.15"]

1. d4 Nf6 2. c4 e6 3. Nc3 Bb4 4. e3 c5 5. Nf3 Nc6 6. Bd3 Bxc3+ 7. bxc3 d6 8. e4
e5 9. d5 Ne7 10. h3 h6 11. Be3 g5 12. h4 g4 13. Ng1 Ng6 14. h5 Nf4 15. Bxf4 exf4
16. Qd2 Nd7 17. Qxf4 Ne5 18. Qd2 Qg5 19. Qxg5 hxg5 20. Kd2 b6 21. Rf1 Ba6 22. f4
gxf4 23. Rxf4 Bxc4 24. Bxc4 Nxc4+ 25. Kc2 Ke7 26. Ne2 Rag8 27. Ng3 Rg5 28. Kb3
Ne5 29. a4 Kd7 30. Rhf1 Ke7 31. c4 Rgxh5 32. Nxh5 Rxh5 33. a5 bxa5 34. Ra1 Rh2
35. Rf2 g3 36. Rc2 Kf6 37. Rf1+ Kg5 38. Kc3 Rh4 39. Rf5+ Kg6 40. Rxe5 dxe5 41.
Rd2 Kf6 42. d6 Rh8 43. Rd5 Rd8 44. Rxc5 Rxd6 45. Rxa5 Rd4 46. Ra6+ Ke7 47. Rxa7+
Ke6 48. Ra6+ Ke7 49. Ra7+ Ke6 50. Ra6+ 1/2-1/2

[Event "Amplico ch-EUR Rapid"]
[Site "Warsaw POL"]
[Date "2012.12.15"]
[Round "4.22"]
[White "Szczepkowska-Horowska, Karina"]
[Black "Dziuba, Marcin"]
[Result "0-1"]
[WhiteTitle "WGM"]
[BlackTitle "GM"]
[WhiteElo "2378"]
[BlackElo "2602"]
[WhiteFideId "1122681"]
[BlackFideId "1112953"]
[EventDate "2012.12.15"]

1. e4 c5 2. Nf3 d6 3. d4 cxd4 4. Nxd4 Nf6 5. Nc3 a6 6. Be2 Nbd7 7. O-O g6 8. Re1
Bg7 9. Bf1 O-O 10. Bg5 Re8 11. Nb3 b5 12. Rb1 Bb7 13. f3 Ne5 14. Nd5 Nxd5 15.
exd5 Nc4 16. c3 Nb6 17. Re4 h6 18. Be3 Bxd5 19. Rh4 e5 20. Rxh6 Bxh6 21. Bxh6
Bc4 22. Nd2 Bxa2 23. Ra1 Bd5 24. Bd3 Qh4 25. Be3 Nc4 26. Bf2 Qe7 27. Qc2 Nxd2
28. Qxd2 Bc4 29. Bc2 Kg7 30. Re1 Qf6 31. b3 Be6 32. Qxd6 Bf5 33. Qd2 Rad8 34.
Qe2 Bxc2 35. Qxc2 Qf5 36. Qa2 Re6 37. c4 Qd3 38. c5 Qc3 39. Qb1 Rd2 40. Qe4 Qxb3
41. Bg3 Qd5 42. Bxe5+ f6 43. Bxf6+ Rxf6 44. Qe7+ Rf7 0-1

[Event "Amplico ch-EUR Rapid"]
[Site "Warsaw POL"]
[Date "2012.12.15"]
[Round "4.25"]
[White "Romanov, Evgeny"]
[Black "Kosiorek, Marek"]
[Result "1-0"]
[WhiteTitle "GM"]
[WhiteElo "2616"]
[BlackElo "2366"]
[WhiteFideId "4148843"]
[BlackFideId "1110284"]
[EventDate "2012.12.15"]

1. d4 d5 2. c4 e6 3. Nc3 Nf6 4. cxd5 exd5 5. Bg5 Be7 6. e3 Nbd7 7. Bd3 c6 8. Nf3
O-O 9. Qc2 Re8 10. h3 Nf8 11. O-O N6d7 12. Bf4 Nb6 13. Rae1 g6 14. Bh6 Ne6 15.
Ne5 Ng7 16. g4 Be6 17. f4 f6 18. Bxg6 hxg6 19. Bxg7 Kxg7 20. Qxg6+ Kh8 21. f5
fxe5 22. Qh6+ Kg8 23. Qxe6+ Kh8 24. Qh6+ Kg8 25. f6 Bxf6 26. Rxf6 1-0

[Event "Amplico ch-EUR Rapid"]
[Site "Warsaw POL"]
[Date "2012.12.15"]
[Round "4.26"]
[White "Maier, Christian"]
[Black "Banusz, Tamas"]
[Result "1-0"]
[WhiteTitle "IM"]
[BlackTitle "GM"]
[WhiteElo "2354"]
[BlackElo "2580"]
[WhiteFideId "4601955"]
[BlackFideId "722413"]
[EventDate "2012.12.15"]

1. e4 e5 2. Nf3 Nc6 3. Bb5 a6 4. Ba4 Nge7 5. c3 g6 6. O-O Bg7 7. d4 exd4 8. cxd4
b5 9. Bc2 d5 10. exd5 Nb4 11. Nc3 O-O 12. Bg5 f6 13. Bd2 Nxc2 14. Qxc2 Bb7 15.
Rfe1 Nxd5 16. Ne4 Nb6 17. Rad1 Bd5 18. Bf4 Rf7 19. b3 a5 20. Qd3 c6 21. Nc5 Re7
22. h4 Raa7 23. h5 Bf7 24. hxg6 hxg6 25. Bd2 b4 26. Rxe7 Qxe7 27. Re1 Qd8 28.
Be3 a4 29. Nd2 axb3 30. axb3 Nd5 31. Nc4 Ra2 32. Qe4 Bf8 33. Qh4 Nxe3 34. Nxe3
Rd2 35. Ng4 g5 36. Nh6+ Bxh6 37. Qxh6 Rxd4 38. Ne4 Rxe4 39. Rxe4 c5 40. Qh3 Kg7
41. Qe3 Qd1+ 42. Kh2 Qh5+ 43. Kg1 Qd1+ 44. Kh2 Qd5 45. Re7 Qd6+ 46. g3 Kg6 47.
Qe4+ f5 48. Qe5 Qd1 49. Qxc5 Bd5 50. Qb6+ Kh5 51. Rh7+ Kg4 52. Rh4+ gxh4 53.
Qg6+ Kf3 54. Qh5+ Kxf2 55. Qxd1 hxg3+ 56. Kh3 Bg2+ 57. Kh4 Be4 58. Qd4+ Kf3 59.
Qxb4 f4 60. Qd4 Bf5 61. b4 g2 62. b5 Ke2 63. b6 f3 64. Kg3 1-0

[Event "Amplico ch-EUR Rapid"]
[Site "Warsaw POL"]
[Date "2012.12.15"]
[Round "4.27"]
[White "Neiksans, Arturs"]
[Black "Kantans, Toms"]
[Result "1-0"]
[WhiteTitle "GM"]
[BlackTitle "FM"]
[WhiteElo "2534"]
[BlackElo "2355"]
[WhiteFideId "11601388"]
[BlackFideId "11602945"]
[EventDate "2012.12.15"]

1. e4 c5 2. Nc3 Nc6 3. f4 e6 4. Nf3 Nf6 5. g3 d5 6. e5 d4 7. exf6 dxc3 8. fxg7
cxd2+ 9. Qxd2 Bxg7 10. Qxd8+ Kxd8 11. c3 b6 12. Bg2 Bb7 13. Be3 Ne7 14. O-O-O+
Kc7 15. Rhg1 Rad8 16. Rxd8 Rxd8 17. Ng5 Bxg2 18. Rxg2 Nf5 19. Bf2 Nd6 20. Be1 h6
21. Nf3 Nf5 22. Re2 Rd3 23. Nd2 h5 24. Kc2 Re3 25. Rxe3 Nxe3+ 26. Kd3 Ng4 27.
Nf3 Kd6 28. b3 e5 29. h3 Nh6 30. fxe5+ Bxe5 31. Nxe5 Kxe5 32. Bd2 Nf5 33. Bf4+
Kd5 34. c4+ Ke6 35. Bb8 a6 36. Ke4 b5 37. Bf4 Nd4 38. Be3 bxc4 39. bxc4 f5+ 40.
Kd3 Ke5 41. Bxd4+ cxd4 42. c5 Kd5 43. c6 Kxc6 44. Kxd4 Kd6 45. Ke3 Ke5 46. Kf3
a5 47. a4 Ke6 48. Kf4 1-0

[Event "Amplico ch-EUR Rapid"]
[Site "Warsaw POL"]
[Date "2012.12.15"]
[Round "4.28"]
[White "Pavlidis, Anastasios"]
[Black "Zhigalko, Andrey"]
[Result "0-1"]
[WhiteTitle "FM"]
[BlackTitle "GM"]
[WhiteElo "2351"]
[BlackElo "2589"]
[WhiteFideId "4208404"]
[BlackFideId "13502247"]
[EventDate "2012.12.15"]

1. d4 Nf6 2. c4 e6 3. Nf3 b6 4. a3 Ba6 5. Qc2 Bb7 6. Nc3 c5 7. d5 exd5 8. cxd5
Nxd5 9. Bg5 f6 10. Nxd5 Bxd5 11. Bf4 Qe7 12. Rd1 Qf7 13. e3 Nc6 14. Rxd5 Qxd5
15. Bc4 Qh5 16. Qe4+ Be7 17. O-O g6 18. Rd1 Qf5 19. Qxf5 gxf5 20. Nh4 Ne5 21.
Bd5 O-O-O 22. Nxf5 Rhe8 23. Bg3 Ng6 24. Bf7 Bf8 25. f3 Re6 26. e4 c4 27. Rc1 b5
28. a4 a6 29. axb5 axb5 30. b3 Ne5 31. bxc4 Nxf7 32. cxb5+ Kb7 33. Rc7+ Kb6 34.
Rc2 Bc5+ 35. Kf1 Ra8 36. Ng7 Re7 37. Nf5 Ree8 0-1

[Event "Amplico ch-EUR Rapid"]
[Site "Warsaw POL"]
[Date "2012.12.15"]
[Round "4.29"]
[White "Le Roux, Jean-Pierre"]
[Black "Vusatiuk, Vladimir"]
[Result "1-0"]
[WhiteTitle "GM"]
[BlackTitle "FM"]
[WhiteElo "2569"]
[BlackElo "2335"]
[WhiteFideId "609404"]
[BlackFideId "14118610"]
[EventDate "2012.12.15"]

1. Nf3 d5 2. d4 Nf6 3. c4 dxc4 4. e3 e6 5. Bxc4 c5 6. O-O a6 7. Bb3 Nbd7 8. e4
Nxe4 9. Re1 Ndf6 10. Bc2 Nd6 11. dxc5 Nb5 12. Qxd8+ Kxd8 13. b4 Nc7 14. Ne5 Ke8
15. Nc3 Nd7 16. Ba4 Ke7 17. Nc4 f6 18. Bf4 e5 19. Rad1 Nb5 20. Nxb5 axb5 21.
Bxb5 Ke6 22. Bg3 Nxc5 23. bxc5 Bxc5 24. Nxe5 Bxf2+ 25. Kxf2 fxe5 26. Rxe5+ Kf6
27. Rd6+ 1-0

[Event "Amplico ch-EUR Rapid"]
[Site "Warsaw POL"]
[Date "2012.12.15"]
[Round "4.30"]
[White "Kiss, Pal"]
[Black "Mista, Aleksander"]
[Result "0-1"]
[WhiteTitle "IM"]
[BlackTitle "GM"]
[WhiteElo "2349"]
[BlackElo "2562"]
[WhiteFideId "701475"]
[BlackFideId "1110381"]
[EventDate "2012.12.15"]

1. d4 d5 2. c4 dxc4 3. Nf3 Nf6 4. e3 e6 5. Bxc4 c5 6. O-O a6 7. a4 Nc6 8. Qe2
cxd4 9. Rd1 Be7 10. exd4 O-O 11. Nc3 Nb4 12. Ne5 b6 13. Qf3 Ra7 14. d5 exd5 15.
Nxd5 Nfxd5 16. Bxd5 Nxd5 17. Nc6 Qe8 18. Nxa7 Bb7 19. Rxd5 Qa8 20. Qe2 Bxd5 21.
Qxe7 Re8 22. Qb4 Bxg2 23. Ra3 Bf3 24. Qc3 Qxa7 25. Bh6 gxh6 26. Qxf3 Re6 27. Qd5
Rg6+ 28. Rg3 Qb8 29. b4 b5 30. a5 Qc8 31. Kg2 Qe6 32. Qd8+ Kg7 33. Qd4+ Qf6 34.
Qa7 h5 35. h4 Qxh4 36. Rxg6+ hxg6 37. Qxa6 Qg4+ 38. Kh2 Qxb4 39. Qb6 Qf4+ 40.
Kg2 Qe4+ 41. Kh2 b4 42. a6 Qe5+ 43. Kg2 Qd5+ 44. Kh2 b3 45. a7 Qe5+ 46. Kg2 Qe4+
47. Kh2 Qf4+ 48. Kg2 Qg5+ 49. Kh2 Qe5+ 50. Kg2 Qe4+ 51. Kh2 Qf3 52. Qd4+ Kh7 53.
Kg1 Qb7 0-1

[Event "Amplico ch-EUR Rapid"]
[Site "Warsaw POL"]
[Date "2012.12.15"]
[Round "4.32"]
[White "Klekowski, Maciej"]
[Black "Tomczak, Jacek"]
[Result "0-1"]
[BlackTitle "GM"]
[WhiteElo "2338"]
[BlackElo "2558"]
[WhiteFideId "1132717"]
[BlackFideId "1124668"]
[EventDate "2012.12.15"]

1. c4 Nf6 2. g3 g6 3. Bg2 d5 4. cxd5 Nxd5 5. Nc3 Nb6 6. Nf3 Bg7 7. O-O O-O 8. d3
Nc6 9. Be3 e5 10. Rc1 Nd4 11. Re1 Re8 12. Na4 Nd5 13. Bxd4 exd4 14. Qb3 c6 15.
Nd2 Bh6 16. Rcd1 Bxd2 17. Rxd2 Qa5 18. Bxd5 Qxd2 19. Bxf7+ Kh8 20. Ra1 Rxe2 21.
Qc4 Kg7 22. Bg8 Re7 23. Nc5 Qxb2 24. Rf1 b5 25. Ne6+ Rxe6 0-1

[Event "Amplico ch-EUR Rapid"]
[Site "Warsaw POL"]
[Date "2012.12.15"]
[Round "4.33"]
[White "Papin, Vasily"]
[Black "Jarmula, Pawel"]
[Result "1-0"]
[WhiteTitle "GM"]
[WhiteElo "2561"]
[BlackElo "2182"]
[WhiteFideId "4143183"]
[BlackFideId "1146211"]
[EventDate "2012.12.15"]

1. c4 e5 2. g3 Nf6 3. Bg2 d5 4. cxd5 Nxd5 5. Nf3 Nc6 6. O-O Nb6 7. d3 Be7 8. a3
O-O 9. Nc3 Re8 10. b4 Bf8 11. Bb2 a5 12. b5 Nd4 13. Nd2 a4 14. Rc1 Qd7 15. Nc4
Nxc4 16. dxc4 c6 17. Nxa4 Nxe2+ 18. Qxe2 Rxa4 19. Rfd1 Qc7 20. Qe3 cxb5 21. cxb5
Qa5 22. Rd5 e4 23. Re5 Rxe5 24. Bxe5 Be6 25. Bf1 Bxa3 26. Rc7 f6 27. Bf4 g5 28.
Rxb7 gxf4 29. Qxf4 Qc3 30. Qh6 Bf8 31. Qxh7# 1-0

[Event "Amplico ch-EUR Rapid"]
[Site "Warsaw POL"]
[Date "2012.12.15"]
[Round "4.34"]
[White "Tazbir, Marcin"]
[Black "Lach, Aleksandra"]
[Result "1-0"]
[WhiteTitle "IM"]
[BlackTitle "WF"]
[WhiteElo "2555"]
[BlackElo "2176"]
[WhiteFideId "1122452"]
[BlackFideId "1134299"]
[EventDate "2012.12.15"]

1. c4 e5 2. g3 Nf6 3. Bg2 d5 4. cxd5 Nxd5 5. Nc3 Nb6 6. Nf3 Nc6 7. O-O Be7 8. a3
a5 9. d3 O-O 10. Be3 Be6 11. Rc1 f5 12. Na4 Nxa4 13. Qxa4 Bd5 14. Bc5 Kh8 15.
Bxe7 Qxe7 16. Qb5 Rad8 17. e3 Rd7 18. Rfe1 Qf6 19. e4 fxe4 20. dxe4 Be6 21. Qxb7
Nd4 22. Nxd4 Qxf2+ 23. Kh1 Qxd4 24. Rxc7 Qf2 25. Rf1 Qxf1+ 26. Bxf1 Rd1 27. Kg2
Rd2+ 28. Kg1 Rd1 29. Qa6 Bh3 30. Rf7 Kg8 31. Rxf8+ Kxf8 32. Kf2 Bxf1 33. Qxf1
Rxf1+ 34. Kxf1 Ke7 35. Ke2 Kd6 36. Kd3 Kc5 37. b3 g5 38. g4 1-0

[Event "Amplico ch-EUR Rapid"]
[Site "Warsaw POL"]
[Date "2012.12.15"]
[Round "4.35"]
[White "Popov, Valerij"]
[Black "Stremavicius, Titas"]
[Result "1-0"]
[WhiteTitle "GM"]
[WhiteElo "2557"]
[BlackElo "2185"]
[WhiteFideId "4119410"]
[BlackFideId "12804444"]
[EventDate "2012.12.15"]

1. d4 f5 2. c4 Nf6 3. Nc3 d6 4. Nf3 g6 5. g3 Bg7 6. Bg2 O-O 7. O-O Nc6 8. d5 Na5
9. Qa4 c5 10. dxc6 Nxc6 11. Rd1 Bd7 12. Qc2 Rc8 13. Be3 Ng4 14. Bd2 b6 15. Rac1
Nge5 16. Nxe5 Nxe5 17. b3 Bc6 18. Nd5 Qd7 19. Bg5 Rfe8 20. Qd2 Nf7 21. Be3 Qb7
22. a4 Be5 23. Bd4 Red8 24. Bxe5 dxe5 25. Qb4 Kf8 26. e4 Bxd5 27. exd5 Qc7 28.
Re1 e4 29. f3 Ne5 30. fxe4 Nd3 31. Qd2 Qc5+ 32. Kf1 Nxc1 33. Qxc1 fxe4 34. Bh3
Rc7 35. Rxe4 e5 36. Be6 Kg7 37. Qb2 Qf8+ 38. Rf4 Qd6 39. Kg2 Rf8 40. Re4 Rf6 41.
Rxe5 Re7 42. g4 h6 43. Re4 g5 44. Re5 Re8 45. h4 Ref8 46. Rf5 gxh4 47. Qc3 Kg6
48. b4 Qg3+ 49. Qxg3 hxg3 50. c5 bxc5 51. bxc5 Rb8 52. c6 Rb2+ 53. Kxg3 Rc2 54.
Kf4 Rxf5+ 55. Bxf5+ Kf6 56. Bxc2 1-0

[Event "Amplico ch-EUR Rapid"]
[Site "Warsaw POL"]
[Date "2012.12.15"]
[Round "4.37"]
[White "Petrovskis, Olegs"]
[Black "Kulaots, Kaido"]
[Result "0-1"]
[BlackTitle "GM"]
[WhiteElo "1973"]
[BlackElo "2581"]
[WhiteFideId "11603186"]
[BlackFideId "4500261"]
[EventDate "2012.12.15"]

1. d4 g6 2. c4 Bg7 3. Nc3 d6 4. e4 e5 5. Nf3 exd4 6. Nxd4 Ne7 7. Be2 O-O 8. O-O
Nbc6 9. Be3 f5 10. exf5 Bxd4 11. Bxd4 Nxf5 12. Be3 Nxe3 13. fxe3 Be6 14. Nd5
Rxf1+ 15. Bxf1 Ne5 16. Rc1 Qg5 17. Nf4 Bf7 18. Rc3 Re8 19. h3 Qg3 20. Kh1 Rf8
21. Ne2 Qf2 22. Nd4 g5 23. Be2 Bg6 24. Ne6 Be4 25. Bf3 Rxf3 0-1

[Event "Amplico ch-EUR Rapid"]
[Site "Warsaw POL"]
[Date "2012.12.15"]
[Round "4.38"]
[White "Riazantsev, Alexander"]
[Black "Zarubitski, Viachaslau"]
[Result "1-0"]
[WhiteTitle "GM"]
[WhiteElo "2705"]
[BlackElo "1856"]
[WhiteFideId "4125029"]
[BlackFideId "13509373"]
[EventDate "2012.12.15"]

1. d4 Nf6 2. c4 e5 3. dxe5 Ng4 4. Bf4 Nc6 5. Nf3 Bb4+ 6. Nbd2 Qe7 7. e3 Ngxe5 8.
Nxe5 Nxe5 9. Be2 O-O 10. O-O d6 11. Nb3 Bf5 12. a3 Bc5 13. Nxc5 dxc5 14. Qd5
Rfe8 15. Qxb7 Rab8 16. Qd5 Rxb2 17. Rfe1 Bc8 18. Qxe5 Qxe5 19. Bxe5 Rxe5 20.
Rad1 Kf8 21. Rd8+ Re8 22. Rd5 Be6 23. Rxc5 Rd8 24. Bf3 Rd7 25. Bd5 Bxd5 26. cxd5
Rd2 27. e4 f5 28. d6 R2xd6 29. Rxf5+ Ke7 30. h4 Ra6 31. Re3 Ra4 32. Rc5 Rd1+ 33.
Kh2 Kd6 34. Rg5 g6 35. h5 gxh5 36. Rxh5 Ra1 37. e5+ Ke6 38. Rh6+ Kd5 39. e6
R1xa3 40. Rxa3 1-0

[Event "Amplico ch-EUR Rapid"]
[Site "Warsaw POL"]
[Date "2012.12.15"]
[Round "4.39"]
[White "Szwed, Jacek"]
[Black "Shirov, Alexei"]
[Result "0-1"]
[WhiteTitle "FM"]
[BlackTitle "GM"]
[WhiteElo "2251"]
[BlackElo "2708"]
[WhiteFideId "1126431"]
[BlackFideId "2209390"]
[EventDate "2012.12.15"]

1. e4 c5 2. Nf3 d6 3. d4 cxd4 4. Qxd4 Nc6 5. Bb5 Bd7 6. Bxc6 Bxc6 7. c4 Nf6 8.
Nc3 g6 9. O-O Bg7 10. Qd3 Nd7 11. Nd4 Nc5 12. Qe3 O-O 13. b4 Ne6 14. Nxe6 fxe6
15. Bb2 Qb6 16. Qxb6 axb6 17. f3 Rfc8 18. Rfc1 Bh6 19. Rc2 Bd7 20. Nb1 Ba4 21.
Rc3 Bg7 0-1

[Event "Amplico ch-EUR Rapid"]
[Site "Warsaw POL"]
[Date "2012.12.15"]
[Round "4.40"]
[White "Rozentalis, Eduardas"]
[Black "Kujawski, Adam"]
[Result "1-0"]
[WhiteTitle "GM"]
[WhiteElo "2602"]
[BlackElo "2325"]
[WhiteFideId "12800023"]
[BlackFideId "1100920"]
[EventDate "2012.12.15"]

1. e4 e5 2. Nf3 Nc6 3. Bb5 a6 4. Bxc6 dxc6 5. O-O Bg4 6. h3 h5 7. d3 Qf6 8. Be3
Bxf3 9. Qxf3 Qxf3 10. gxf3 Bd6 11. Kh1 f6 12. Nd2 Kf7 13. Nc4 Ne7 14. a4 b5 15.
Na5 Rab8 16. Nb3 f5 17. Rg1 f4 18. Bc5 Kf6 19. axb5 axb5 20. d4 Ra8 21. Rad1
Rhd8 22. c3 Ng6 23. Rd3 Nh4 24. Rgd1 Bxc5 25. dxe5+ Ke7 26. Rxd8 Rxd8 27. Rxd8
Kxd8 28. Nxc5 Nxf3 29. Ne6+ Ke7 30. Nxg7 Nxe5 31. Nxh5 Nd3 32. Kg2 Nxb2 33. Nxf4
Na4 34. Ne2 c5 35. Kf3 c4 36. h4 c5 37. Nf4 Nxc3 38. Nd5+ Nxd5 39. exd5 b4 40.
Ke2 c3 41. h5 b3 42. Kd1 Kd6 43. h6 Kxd5 1-0

[Event "Amplico ch-EUR Rapid"]
[Site "Warsaw POL"]
[Date "2012.12.15"]
[Round "4.42"]
[White "Dolzhykova, Kateryna"]
[Black "Stocek, Jiri"]
[Result "0-1"]
[WhiteTitle "WIM"]
[BlackTitle "GM"]
[WhiteElo "2309"]
[BlackElo "2557"]
[WhiteFideId "14113414"]
[BlackFideId "304760"]
[EventDate "2012.12.15"]

1. e4 c5 2. Nf3 d6 3. d4 cxd4 4. Qxd4 e5 5. Bb5+ Nd7 6. Qd3 h6 7. c4 Nf6 8. Nc3
Be7 9. O-O O-O 10. Bxd7 Bxd7 11. h3 Rc8 12. b3 a6 13. a4 Be6 14. Ba3 Qa5 15.
Rfd1 Rfd8 16. Ne1 Nh5 17. Nd5 Bxd5 18. Qxd5 Qxd5 19. Rxd5 Nf6 20. Rd3 Nxe4 21.
Rad1 f5 22. f3 Nc5 23. Bxc5 Rxc5 24. Nc2 b5 25. axb5 axb5 26. Ne3 g6 27. cxb5
Rxb5 28. Nd5 Kf7 29. Rc3 Rd7 30. b4 Bd8 31. Rc4 Ke6 32. Nc3 Rb8 33. Nd5 Rdb7 34.
Rc6 Kd7 35. Ra6 Bb6+ 36. Kf1 Bd4 37. f4 Rb5 38. Ra5 Rxa5 39. bxa5 Rb5 40. Nb6+
Bxb6 41. axb6 Ke6 42. fxe5 dxe5 43. g4 Rxb6 44. gxf5+ gxf5 45. Rd8 e4 46. Kf2
Ke5 47. h4 Kf4 48. h5 Rb2+ 49. Kf1 Kf3 50. Rd1 e3 51. Ra1 f4 52. Rc1 Rh2 53. Kg1
Rg2+ 54. Kh1 Rg5 55. Rf1+ Ke4 56. Re1 e2 57. Kh2 f3 58. Kh3 f2 59. Kh4 0-1

[Event "Amplico ch-EUR Rapid"]
[Site "Warsaw POL"]
[Date "2012.12.15"]
[Round "4.43"]
[White "Berthier, Hugo"]
[Black "Yakovich, Yuri"]
[Result "0-1"]
[BlackTitle "GM"]
[WhiteElo "2220"]
[BlackElo "2517"]
[WhiteFideId "655864"]
[BlackFideId "4100654"]
[EventDate "2012.12.15"]

1. d4 Nf6 2. c4 e6 3. Nf3 d5 4. Nc3 dxc4 5. Bg5 a6 6. e4 b5 7. e5 h6 8. Bh4 g5
9. Nxg5 hxg5 10. Bxg5 Nbd7 11. Be2 Bh6 12. Bxh6 Rxh6 13. exf6 Bb7 14. Bf3 Bxf3
15. Qxf3 Rxf6 16. Qe3 Nb6 17. h4 Nd5 18. Qe5 Rf5 19. Qg7 Qe7 20. a3 O-O-O 21. h5
Rg5 22. Qh7 Rxg2 23. Qe4 Qg5 24. Kf1 Rg4 25. Qe5 Qxe5 26. dxe5 Rh8 27. Rd1 Nxc3
28. bxc3 Rg5 29. f4 Rgxh5 30. Rxh5 Rxh5 31. Kg2 Rh8 32. Kf3 Rh3+ 33. Kg4 Rxc3
34. Kg5 Rd3 35. Rc1 Rd4 36. f5 exf5 37. Kxf5 a5 38. Kf6 Rf4+ 39. Ke7 b4 0-1

[Event "Amplico ch-EUR Rapid"]
[Site "Warsaw POL"]
[Date "2012.12.15"]
[Round "4.44"]
[White "Lewicki, Miroslaw"]
[Black "Gritsak, Orest"]
[Result "0-1"]
[WhiteTitle "CM"]
[BlackTitle "GM"]
[WhiteElo "2200"]
[BlackElo "2549"]
[WhiteFideId "1113380"]
[BlackFideId "14102188"]
[EventDate "2012.12.15"]

1. e4 c5 2. Nf3 e6 3. c4 Nc6 4. Nc3 Nd4 5. d3 Ne7 6. g3 Nxf3+ 7. Qxf3 Nc6 8. Bg2
Be7 9. O-O O-O 10. Qd1 a6 11. f4 b5 12. cxb5 axb5 13. Nxb5 Ba6 14. Nc3 Nb4 15.
Rf3 d5 16. exd5 exd5 17. a3 d4 18. axb4 dxc3 19. bxc3 cxb4 20. cxb4 Bf6 21. Rb1
Bd4+ 22. Kh1 Bb7 23. Rf1 Bxg2+ 24. Kxg2 Ra2+ 25. Kh1 Re8 26. Qf3 Ree2 27. Rb2
Raxb2 28. Bxb2 Rxb2 29. Re1 Rxb4 30. Qc6 Rb8 31. Kg2 h6 32. Re2 Bf6 33. Qc4 Qd7
34. Ra2 Rd8 35. Rd2 Qd5+ 36. Qxd5 Rxd5 37. Kf3 g6 38. Ke4 Rd4+ 39. Ke3 h5 40.
Ra2 Kg7 41. h4 Rd7 42. Ra4 Re7+ 43. Kf3 Re1 44. Rc4 Rf1+ 45. Ke2 Rg1 46. Kf2 Ra1
47. Kf3 Ra3 48. Ke3 Ra7 49. Kf3 Kf8 50. Re4 Rd7 51. Re3 Bc3 52. Kg2 Re7 53. Rf3
Re2+ 54. Kf1 Rd2 55. f5 Kg7 56. fxg6 fxg6 57. Kg1 Be5 58. Kf1 Ra2 59. Kg1 Ra4
60. Kg2 Rg4 61. Kh3 Bf6 62. Re3 Rd4 63. Rf3 Kf7 64. Re3 Bg7 65. Kg2 Bh6 66. Rf3+
Ke6 67. Kh3 Bg7 68. Re3+ Be5 69. Kg2 Rg4 70. Kh3 Kd5 71. Re4 Rxg3+ 0-1

[Event "Amplico ch-EUR Rapid"]
[Site "Warsaw POL"]
[Date "2012.12.15"]
[Round "4.45"]
[White "Sowul, Bartosz"]
[Black "Piorun, Kacper"]
[Result "0-1"]
[BlackTitle "GM"]
[WhiteElo "2180"]
[BlackElo "2529"]
[WhiteFideId "1137590"]
[BlackFideId "1130420"]
[EventDate "2012.12.15"]

1. d4 Nf6 2. c4 g6 3. Nc3 Bg7 4. Nf3 O-O 5. Bg5 d6 6. e3 Nbd7 7. Be2 Re8 8. O-O
e5 9. Qc2 c6 10. Rfd1 Qc7 11. dxe5 dxe5 12. Nd2 Nf8 13. Bh4 Bf5 14. Bd3 Be6 15.
b4 N6d7 16. c5 f5 17. f3 b6 18. cxb6 Nxb6 19. Rac1 Qb7 20. a3 Rac8 21. Nb3 Bh6
22. Bf2 Qf7 23. Nc5 Bc4 24. Nb1 Bxd3 25. Rxd3 Ne6 26. Rcd1 Nxc5 27. Qxc5 e4 28.
fxe4 fxe4 29. R3d2 Bf8 30. Qc2 c5 31. b5 Qc4 32. Qxc4+ Nxc4 33. Rd7 Bh6 34. Rxa7
Nxe3 35. Rdd7 Ng4 36. Rxh7 Rcd8 37. Rhd7 e3 38. Be1 e2 39. h3 Rxd7 40. Rxd7 Rf8
41. hxg4 Rf1+ 42. Kh2 Rxe1 0-1

[Event "Amplico ch-EUR Rapid"]
[Site "Warsaw POL"]
[Date "2012.12.15"]
[Round "4.46"]
[White "Kovalev, Denis"]
[Black "Bezuch, Martin"]
[Result "0-1"]
[WhiteTitle "IM"]
[WhiteElo "2512"]
[BlackElo "2302"]
[WhiteFideId "14104059"]
[BlackFideId "14906333"]
[EventDate "2012.12.15"]

1. c4 g6 2. g3 Bg7 3. Bg2 d6 4. Nf3 Nd7 5. O-O Ngf6 6. Nc3 O-O 7. Rb1 e5 8. d3
Re8 9. b4 h6 10. Bb2 Nf8 11. b5 Ne6 12. Nd2 Ng5 13. a4 h5 14. f4 exf4 15. gxf4
Nh3+ 16. Kh1 Ng4 17. Qe1 Nhf2+ 18. Rxf2 Qh4 19. Nf3 Nxf2+ 20. Kg1 Nh3+ 21. Bxh3
Qxh3 22. Ne4 Qg4+ 23. Qg3 Bf5 24. Bxg7 Bxe4 25. dxe4 Kxg7 0-1